PHYTOCHEMICAL DICTIONARY (Record no. 24855)
[ view plain ]
| 000 -LEADER | |
|---|---|
| fixed length control field | 00389nam a22001697a 4500 |
| 003 - CONTROL NUMBER IDENTIFIER | |
| control field | SGT |
| 020 ## - INTERNATIONAL STANDARD BOOK NUMBER | |
| International Standard Book Number | 9781498788200 |
| 082 ## - DEWEY DECIMAL CLASSIFICATION NUMBER | |
| Classification number | 615.51 |
| Item number | P23H |
| 100 ## - MAIN ENTRY--PERSONAL NAME | |
| Personal name | HARBORNE, JEFFREY.B,ed. |
| 245 ## - TITLE STATEMENT | |
| Title | PHYTOCHEMICAL DICTIONARY |
| 250 ## - EDITION STATEMENT | |
| Edition statement | 2nd |
| 260 ## - PUBLICATION, DISTRIBUTION, ETC. (IMPRINT) | |
| Place of publication, distribution, etc | NEW YORK |
| Name of publisher, distributor, etc | CRC PRESS |
| Year of Publication | 2023 |
| 300 ## - PAGE DESCRIPTION | |
| No. of Pages | 976 |
| 650 ## - SUBJECT ADDED ENTRY--TOPICAL TERM | |
| Topical term or geographic name as entry element | PHYTOCHEMICAL |
| 653 ## - KEYWORDS--INDEX TERM | |
| Keyword term | PHYTOCHEMICAL, DICTIONARY |
| 942 ## - ADDED ENTRY ELEMENTS (KOHA) | |
| Source of classification or shelving scheme | Dewey Decimal Classification |
| Koha item type | Books |
| Withdrawn status | Lost status | Source of classification or shelving scheme | Damaged status | Use restrictions | Not for loan | Collection code | Home library | Current library | Shelving location | Date acquired | Vendor Name | Cost, normal purchase price | SGTU | Bill Number | Full call number | Accession No. (Barcode) | Date last seen | Bill Date | Koha item type |
|---|---|---|---|---|---|---|---|---|---|---|---|---|---|---|---|---|---|---|---|
| Dewey Decimal Classification | Restricted Access | PHARMACY | SGT FA-FP Library | SGT FA-FP Library | Reference Book | 24/08/2023 | ABC PVT. | 9995.00 | SGTU | 16724 | 615.51 P23H | FP4652 | 24/08/2023 | 16/06/2023 | Books |